00474nam a22001577a 450000500170000001000130001702000270003003500130005703700280007008200130009810000190011124500740013026000420020427000440024630000260029020140321105126.0 aB-500345 a9788189131609c2750.00 aB-500345 adplbMallika Books/Ven a737.0954 aDubey, Sitaram aMethodology of Numismatic study and History-Writingcby Sitaram Dubey aNew DelhibResearch India Pressc2012 aE-6/34, Sangam ViharbNew Delhie110062 a267p.bill.c28cm(Hb)